000 00781nam a2200253Ia 4500
003 OSt
005 20220918171216.0
006 a|||||r|||| 00| 0
007 ta
008 220917b |||||||| |||| 00| 0 eng d
020 _a9781409952374 (pbk)
_c870.98
024 _a289,070
037 _b45572, 01/12/2015, Segment Book Distributors
_cTextual
040 _aARTS
_cARTS
_beng
041 _2eng
_aeng
082 _aWxJ881, [Q5]
100 _aFilmer Sir Robert
_934781
245 0 _aPatriacha or the natuural power of kings
260 _aLondon
_bDodo Press UK
_c2011
300 _a64p.
_ccm.
650 _aPOLITICAL SCIENCE
942 _hWxJ881, [Q5]
_cTEXL
_2CC
999 _c138339
_d138339